000 00423nam a22001457a 4500
999 _c126145
_d126145
008 170216b xxu||||| |||| 00| 0 eng d
050 _aBT732.5.M43
100 _aMcKenna, Briege
_928882
245 _aZvishamiso zvinoitika
_cBriege McKenna and Henry Libersat
260 _aHarare
_bLife Lines
_c2010
300 _avi, 191p. ;
_c18cm.
650 _aFaith cures
_928883
650 _aHealing
_928884
700 _aLibersat, Henry
_929149
700 _aMuller, Heribert
_etr.
_929150
942 _2lcc
_cMONOGRAPH